| 000 | 01038nam a2200229Ia 4500 | ||
|---|---|---|---|
| 003 | OSt | ||
| 005 | 20200716181647.0 | ||
| 008 | 191128s1970 ag fr 000 0 spa d | ||
| 040 |
_aCO-JMCR _cCO-JMCR |
||
| 041 | 0 | _aspa | |
| 082 | 0 | 4 |
_a338.98 / _bH565n _223 |
| 100 | 1 |
_aHerrera, Felipe, _eautor _97442 |
|
| 245 | 1 | 0 |
_aNacionalismo, regionalismo, internacionalismo : _bAmérica Latina en el contexto internacional / _cFelipe Herrera |
| 260 |
_aBuenos Aires : _bInstituto para la Integración de América Latina, _c1970 |
||
| 300 |
_a449 páginas ; _c22 cm. |
||
| 490 | 0 | _aBanco Interamericano de Desarrollo | |
| 505 | 0 | _aAmérica Latina y las relaciones económicas internacionales -- El nacionalismo latinoamericano -- Aspectos institucionales de la integración y el desarrollo -- Contribución del BID al progreso de América Latina -- Un instrumento de afirmación regional | |
| 650 | 1 | 4 |
_aDesarrollo económico y social _97443 |
| 650 | 1 | 4 |
_aIntegración regional _93984 |
| 650 | 1 | 4 |
_aPolítica económica _97444 |
| 942 |
_2ddc _cBK |
||
| 999 |
_c3946 _d3946 |
||